书目信息 |
| 题名: |
桥梁工程
|
|
| 作者: | 周先雁 , 王解军 主编 | |
| 分册: | ||
| 出版信息: | 北京 北京大学出版社 2008.01 |
|
| 页数: | 500页 | |
| 开本: | 26cm | |
| 丛书名: | 21世纪全国应用型本科土木建筑系列实用规划教材 | |
| 单 册: | ||
| 中图分类: | U44 | |
| 科图分类: | ||
| 主题词: | 桥梁工程--qiao liang gong cheng--高等学校--教材 | |
| 电子资源: | ||
| ISBN: | 978-7-301-12333-1 | |
| 000 | 01212nam 2200301 450 | |
| 001 | 012008741327 | |
| 005 | 20080413165320.90 | |
| 010 | @a978-7-301-12333-1@dCNY52.00 | |
| 100 | @a20080413d2008 em y0chiy0120 ea | |
| 101 | 0 | @achi |
| 102 | @aCN@b110000 | |
| 105 | @aak a 000yy | |
| 106 | @ar | |
| 200 | 1 | @a桥梁工程@Aqiao liang gong cheng@d= Bridge engineering@f周先雁, 王解军主编@Fzhou xian yan,wang jie jun zhu bian@zeng |
| 210 | @a北京@c北京大学出版社@d2008.01 | |
| 215 | @a500页@c图@d26cm | |
| 225 | 2 | @a21世纪全国应用型本科土木建筑系列实用规划教材@A21 shi ji quan guo ying yong xing ben ke tu mu jian zhu xi lie shi yong gui hua jiao cai |
| 320 | @a有书目 (第499-500页) | |
| 330 | @a本书内容包括:概述,桥梁的总体规划设计,桥梁设计作用,桥梁材料,桥面布置与构造,混凝土梁桥与构桥概述,混凝土梁桥与刚构桥的构造及设计等。 | |
| 333 | @a土木工程专业用 | |
| 410 | 0 | @12001 @a21世纪全国应用型本科土木建筑系列实用规划教材 |
| 510 | 1 | @aBridge engineering@zeng |
| 606 | 0 | @a桥梁工程@Aqiao liang gong cheng@x高等学校@j教材 |
| 690 | @aU44@v4 | |
| 701 | 0 | @a周先雁@Azhou xian yan@4主编 |
| 701 | 0 | @a王解军@Awang jie jun@4主编 |
| 801 | 0 | @aCN@bQSSK@c20080413 |
| 905 | @b292068-70@dU44@eZ808@f3 | |
| 桥梁工程= Bridge engineering/周先雁, 王解军主编.-北京:北京大学出版社,2008.01 |
| 500页:图;26cm.-(21世纪全国应用型本科土木建筑系列实用规划教材) |
| 使用对象:土木工程专业用 |
| ISBN 978-7-301-12333-1:CNY52.00 |
| 本书内容包括:概述,桥梁的总体规划设计,桥梁设计作用,桥梁材料,桥面布置与构造,混凝土梁桥与构桥概述,混凝土梁桥与刚构桥的构造及设计等。 |
| ● |
| 相关链接 |
|
|
|
正题名:桥梁工程
索取号:U44/Z808
 
预约/预借
| 序号 | 登录号 | 条形码 | 馆藏地/架位号 | 状态 | 备注 |
| 1 | 292068 | 202920688 | 自科库501/501自科库 83排2列2层/ [索取号:U44/Z808] | 在馆 | |
| 2 | 292069 | 202920697 | 自科库501/501自科库 83排2列2层/ [索取号:U44/Z808] | 在馆 | |
| 3 | 292070 | 202920704 | 自科库501/501自科库 83排2列2层/ [索取号:U44/Z808] | 在馆 |